000 00599nam a2200181Ia 4500
005 20250423095630.0
008 250422s9999 xx 000 0 und d
020 _a1419354272
050 _aCT 275 .W58479 A3/
100 _aWisner, Franz
245 0 _aHoneymoon with my brother
260 _aNew York
260 _bSt. Martin's Press
260 _c2005
300 _a468 p
650 _aWisner, Franz--Travel. Wisner, Kurt Oscar--Travel. Brothers--United States--Biography. Travelers--United States--Biography. Betrothal--United States. Man-woman relationships--United States.
942 _cBK
999 _c30864
_d30864